<?xml version="1.0" encoding="UTF-8"?><?xml-stylesheet type="text/xsl" href="static/style.xsl"?><OAI-PMH xmlns="http://www.openarchives.org/OAI/2.0/" xmlns:xsi="http://www.w3.org/2001/XMLSchema-instance" xsi:schemaLocation="http://www.openarchives.org/OAI/2.0/ http://www.openarchives.org/OAI/2.0/OAI-PMH.xsd"><responseDate>2026-04-14T03:36:47Z</responseDate><request verb="GetRecord" identifier="oai:www.recercat.cat:2072/480173" metadataPrefix="marc">https://recercat.cat/oai/request</request><GetRecord><record><header><identifier>oai:recercat.cat:2072/480173</identifier><datestamp>2025-07-29T23:01:56Z</datestamp><setSpec>com_2072_98</setSpec><setSpec>col_2072_378192</setSpec></header><metadata><record xmlns="http://www.loc.gov/MARC21/slim" xmlns:dcterms="http://purl.org/dc/terms/" xmlns:xsi="http://www.w3.org/2001/XMLSchema-instance" xmlns:doc="http://www.lyncode.com/xoai" xsi:schemaLocation="http://www.loc.gov/MARC21/slim http://www.loc.gov/standards/marcxml/schema/MARC21slim.xsd">
   <leader>00925njm 22002777a 4500</leader>
   <datafield ind2=" " ind1=" " tag="042">
      <subfield code="a">dc</subfield>
   </datafield>
   <datafield ind2=" " ind1=" " tag="720">
      <subfield code="a">Soria Vílchez, Alejandro</subfield>
      <subfield code="e">author</subfield>
   </datafield>
   <datafield ind2=" " ind1=" " tag="720">
      <subfield code="a">Palazón Herrera, José</subfield>
      <subfield code="e">author</subfield>
   </datafield>
   <datafield ind2=" " ind1=" " tag="260">
      <subfield code="c">2025</subfield>
   </datafield>
   <datafield ind2=" " ind1=" " tag="520">
      <subfield code="a">A raíz de la pandemia por COVID-19, se ha incrementado el número de docentes que apuestan por nuevos métodos de enseñanza, como la integración de los juegos serios en el aula. Este ensayo explora el proceso de creación de una Aventura Gráfica a través de la plataforma Genially. Se examina cada etapa del desarrollo: desde la elaboración de la historia, el desarrollo de desafíos que promueven el pensamiento crítico, hasta el diseño audiovisual que enriquece la experiencia de aprendizaje. Además, se describe la matriz que constituye el esqueleto del juego, destacando la importancia de una jugabilidad y una estética visualmente atractiva.</subfield>
   </datafield>
   <datafield ind2=" " ind1=" " tag="520">
      <subfield code="a">Arran de la pandèmia per COVID-19, s'ha incrementat el nombre de docents que aposten per nous mètodes d'ensenyament, com ara la integració dels jocs seriosos a l'aula. Aquest assaig explora el procés de creació d'una Aventura Gràfica a través de la plataforma Genially. S'examina cada etapa del desenvolupament: des de l'elaboració de la història, el desenvolupament de desafiaments que promouen el pensament crític fins al disseny audiovisual que enriqueix l'experiència d'aprenentatge. A més, es descriu la matriu que constitueix l'esquelet del joc, i destaca la importància d'una jugabilitat i una estètica visualment atractiva.</subfield>
   </datafield>
   <datafield ind2=" " ind1=" " tag="520">
      <subfield code="a">In the wake of the COVID-19 pandemic, there has been an increase in the number of educators betting on new teaching methods, such as the integration of serious games in the classroom. This essay explores the process of creating a Graphic Adventure through the Genially platform. Each stage of development is examined: from the crafting of the story, the development of challenges that promote critical thinking, to the audiovisual design that enriches the learning experience. Additionally, the matrix that forms the skeleton of the game is described, highlighting the importance of gameplay and visually appealing aesthetics.</subfield>
   </datafield>
   <datafield tag="653" ind2=" " ind1=" ">
      <subfield code="a">Gamificación</subfield>
   </datafield>
   <datafield tag="653" ind2=" " ind1=" ">
      <subfield code="a">Educación musical</subfield>
   </datafield>
   <datafield tag="653" ind2=" " ind1=" ">
      <subfield code="a">Videojuegos</subfield>
   </datafield>
   <datafield tag="653" ind2=" " ind1=" ">
      <subfield code="a">Juegos serios</subfield>
   </datafield>
   <datafield tag="653" ind2=" " ind1=" ">
      <subfield code="a">TIC</subfield>
   </datafield>
   <datafield tag="653" ind2=" " ind1=" ">
      <subfield code="a">Gamification</subfield>
   </datafield>
   <datafield tag="653" ind2=" " ind1=" ">
      <subfield code="a">Educational game</subfield>
   </datafield>
   <datafield tag="653" ind2=" " ind1=" ">
      <subfield code="a">Videogames</subfield>
   </datafield>
   <datafield tag="653" ind2=" " ind1=" ">
      <subfield code="a">Serious games</subfield>
   </datafield>
   <datafield tag="653" ind2=" " ind1=" ">
      <subfield code="a">ICT</subfield>
   </datafield>
   <datafield tag="653" ind2=" " ind1=" ">
      <subfield code="a">Gamificació</subfield>
   </datafield>
   <datafield tag="653" ind2=" " ind1=" ">
      <subfield code="a">Educació musical</subfield>
   </datafield>
   <datafield tag="653" ind2=" " ind1=" ">
      <subfield code="a">Videojocs</subfield>
   </datafield>
   <datafield tag="653" ind2=" " ind1=" ">
      <subfield code="a">Jocs seriosos</subfield>
   </datafield>
   <datafield ind2="0" ind1="0" tag="245">
      <subfield code="a">Aventuras gráficas educativas : proceso para un enfoque docente</subfield>
   </datafield>
</record></metadata></record></GetRecord></OAI-PMH>